La cooperación de la técnica alemana en la explotación de los carbones españoles de escasa potencia calorífica por combustión directa (Record no. 187941)

MARC details
000 -LEADER
campo de control de longitud fija 01011nam a2200193 i 4500
001 - NÚMERO DE CONTROL
campo de control 187941
003 - IDENTIFICADOR DE NÚMERO DE CONTROL
campo de control ES-MaACL
005 - FECHA Y HORA DE LA ÚLTIMA TRANSACCIÓN
campo de control 20250727190230.0
008 - DATOS DE LONGITUD FIJA--INFORMACIÓN GENERAL
campo de control de longitud fija 180328s1927 sp |||| | spa d
100 0# - ENTRADA PRINCIPAL--NOMBRE DE PERSONA
Nombre de persona Pérez del Pulgar, José Agustín.
9 (RLIN) 90820
245 13 - MENCIÓN DEL TÍTULO
Título La cooperación de la técnica alemana en la explotación de los carbones españoles de escasa potencia calorífica por combustión directa
Resto del título : conferencia pronunciada el día 12 de enero de 1927 /
Mención de responsabilidad, etc. por J. A. Pérez del Pulgar.
260 ## - PUBLICACIÓN, DISTRIBUCIÓN, ETC.
Lugar de publicación, distribución, etc. Madrid :
Nombre del editor, distribuidor, etc. [s.n.],
Fecha de publicación, distribución, etc. 1927 (
Fabricante Blass)
300 ## - DESCRIPCIÓN FÍSICA
Extensión 34 p. ;
Dimensiones 23 cm.
490 1# - MENCIÓN DE SERIE
Mención de serie Conferencias dadas en el Centro de intercambio intelectual germano-español. Segunda serie ;
Designación de volumen o secuencia 3
650 #4 - PUNTO DE ACCESO ADICIONAL DE MATERIA--TÉRMINO DE MATERIA
Término de materia o nombre geográfico como elemento de entrada Industria del carbón-
Subdivisión geográfica España.
9 (RLIN) 156099
830 00 - PUNTO DE ACCESO ADICIONAL DE SERIE-TÍTULO UNIFORME
Título uniforme Conferencias dadas en el Centro de Intercambio Intelectual Germano-Español.
Nombre de parte o sección de la obra Segunda serie
Designación de volumen o secuencia 3
9 (RLIN) 192934
852 ## - LOCALIZACIÓN
Ubicación ES-MaACL
Número de control de estantería C-8111(34)
Nota libre .- Donat. del Centro de Intercambio Intelectual Germano-Español (Madrid)
Holdings
Estatus retirado Estado de pérdida Estado de daño No para préstamo Biblioteca de origen Biblioteca actual Ubicación en estantería Fecha de adquisición Fuente de adquisición Total de préstamos Signatura topográfica completa Código de barras Visto por última vez Precio de reemplazo Tipo de ítem Koha
        Biblioteca del Ateneo de Madrid Biblioteca del Ateneo de Madrid Sala Palomar 28/03/2018     C-8111(34) 1198593 23/02/2023 23/02/2023 Libro impreso